Manchester City Players by Picture #2 - Statistics

General Stats
  • This quiz has been taken 194 times
  • The average score is 10 of 16
Answer Stats
Picture Answer % Correct
Vincent Kompany
97%
Rodri
92%
Carlos Tevez
90%
James Milner
82%
Peter Schmeichel
82%
Patrick Vieira
79%
Alf-Inge Haaland
75%
Micah Richards
70%
Nicolas Otamendi
68%
Jerome Boateng
65%
Fabian Delph
64%
Danilo
50%
Jeremie Frimpong
30%
Steve Mcmanaman
30%
Josh Wilson-Esbrand
16%
Paul Dickov
15%
No matching quizzes found
Score Distribution
Percent of People with Each Score
Percentile by Number Answered
Your Score History
You have not taken this quiz